Central Library OPAC University of Rajshahi
Normal view MARC view

Entry Personal Name

Number of records used in: 2

001 - CONTROL NUMBER

  • control field: 10077

003 - CONTROL NUMBER IDENTIFIER

  • control field: BD-RjUL

005 - DATE AND TIME OF LATEST TRANSACTION

  • control field: 20231116111911.0

008 - FIXED-LENGTH DATA ELEMENTS

  • fixed length control field: 231116|| aca||aabn | a|a d

040 ## - CATALOGING SOURCE

  • Original cataloging agency: BD-RjUL
  • Transcribing agency: BD-RjUL

100 ## - HEADING--PERSONAL NAME

  • Personal name: পাইয়ের জীবন

670 ## - SOURCE DATA FOUND

  • Source citation: Work cat.: (BD-RjUL)74986: মার্টেল, ইয়ান 226608, পাইয়ের জীবন = Life of Pi /, ২০০১, [প্রকাশ ২০১৩]